| 000 | 04584cgm a2200865Ia 4500 | ||
|---|---|---|---|
| 001 | ocn430232998 | ||
| 003 | OCoLC | ||
| 005 | 20251105123852.0 | ||
| 007 | vd cvaizq | ||
| 008 | 090812s2009 cau126 vleng d | ||
| 020 | _a1415750378 | ||
| 020 | _a1415757259 | ||
| 020 | _a9781415750377 | ||
| 024 | 1 | 0 | _a097363485049 |
| 024 | 1 | _a097363485063 | |
| 024 | 1 | _a097361166247 | |
| 028 | 4 | 2 |
_a34850 _bParamount Home Entertainment |
| 035 | _a(OCoLC)430232998 | ||
| 037 |
_bMidwest Tape _nhttp://www.midwesttapes.com |
||
| 040 |
_aTEFMT _cTEFMT _dTEF _dTEFMT _dBKX _dIA4 _dGK8 _dVP@ _dUINTA _erda |
||
| 041 | 1 |
_aeng _afre _aspa _heng |
|
| 043 | _azo----- | ||
| 049 | _aUCLB | ||
| 050 | 1 | 4 |
_aPN1997.2 _b.S73 2009 |
| 082 | 0 | 4 |
_a791.43/72 _222 |
| 092 |
_amovie _bstar trek |
||
| 130 | 0 |
_aStar trek (Motion picture : 2009) _96199247 |
|
| 245 | 1 | 0 |
_aStar trek _h[videorecording] / _cdirected by J.J. Abrams. |
| 260 |
_aHollywood, Calif. : _bParamount Home Entertainment, _cc2009. |
||
| 264 |
_aHollywood, Calif. : _bParamount Home Entertainment, _cc2009. |
||
| 300 |
_a1 videodisc (126 min.) : _bsd., col. ; _c4 3/4 in. |
||
| 500 | _aBased upon "Star trek" created by Gene Roddenberry. | ||
| 500 | _aSpecial features: Commentary by J.J. Abrams, Bryan Burk, Alex Kurtzman, Damon Lindelof and Roberto Orci; A new vision; Gag reel. | ||
| 508 | _aMusic, Michael Giacchino ; director of photography, Dan Mindel ; production designer, Scott Chambliss ; edited by Mary Jo Markey, MaryAnn Brandon ; costume designer, Michael Kaplan ; visual effects producer, Sheri Hanson. | ||
| 511 | 1 | _aJohn Cho, Ben Cross, Bruce Greenwood, Simon Pegg, Chris Pine, Zachary Quinto, Winona Ryder, Zoë Saldana, Karl Urban, Anton Yelchin, Eric Bana, Leonard Nimoy. | |
| 520 | _aOn the day of James Kirk's birth, his father dies on his ship in a last stand against a mysterious alien vessel. He was searching for Ambassador Spock, who is a child on Vulcan, disdained by his neighbors for his half-human nature. Twenty years later, Kirk has grown into a young troublemaker. He is inspired by Capt. Christopher Pike to fulfill his potential in Starfleet, even though he annoys his instructors. Suddenly, there is an emergency on Vulcan when the Romulan Nero comes from the future to take revenge on the Federation. The newly commissioned USS Enterprise is crewed with promising cadets like Uhura, Sulu, Chekov and even Kirk himself thanks to Leonard McCoy's medical trickery. Together, this crew will travel to the final frontier where the old legend is altered forever. | ||
| 521 | 8 | _aMPAA rating: PG-13; for some intense sequences of sci-fi action and violence, and brief sexual content. | |
| 538 | _aDVD, region 1, widescreen; Dolby Digital. | ||
| 546 | _aEnglish, dubbed French or dubbed Spanish dialogue, English, French or Spanish subtitles; closed-captioned. | ||
| 650 | 0 |
_aKirk, James T. (Fictitious character) _vDrama. _95715296 |
|
| 650 | 0 |
_aSpock (Fictitious character) _vDrama. _96362736 |
|
| 650 | 0 |
_aMcCoy, Leonard (Fictitious character) _vDrama. _96460028 |
|
| 650 | 0 |
_aScott, Montgomery (Fictitious character) _vDrama. _96381536 |
|
| 650 | 0 |
_aSulu, Hikaru (Fictitious character) _vDrama. _96460029 |
|
| 650 | 0 |
_aManned space flight _vDrama. _96381537 |
|
| 650 | 0 |
_aHuman-alien encounters _vDrama. _95698344 |
|
| 650 | 7 |
_aAstronaves _vTeatro. _2bidex _96460030 |
|
| 650 | 7 |
_aVuelo espacial tripulado _vTeatro. _2bidex _96460031 |
|
| 655 | 0 |
_aVideo recordings for the hearing impaired. _96199255 |
|
| 655 | 7 |
_aFeature films. _2gsafd _96199256 |
|
| 655 | 7 |
_aScience fiction films. _2gsafd _96199257 |
|
| 655 | 7 |
_aFantasy films. _2gsafd _96199258 |
|
| 655 | 7 |
_aAdventure films. _2gsafd _96199259 |
|
| 700 | 1 |
_aAbrams, Jeffrey, _d1964- _965179 |
|
| 700 | 1 |
_aLindelof, Damon, _d1973- _973757 |
|
| 700 | 1 |
_aOrci, Roberto. _972545 |
|
| 700 | 1 |
_aKurtzman, Alex. _955554 |
|
| 700 | 1 |
_aCho, John, _d1972- _95715299 |
|
| 700 | 1 |
_aCross, Ben. _961742 |
|
| 700 | 1 |
_aGreenwood, Bruce, _d1956- _975325 |
|
| 700 | 1 |
_aPegg, Simon, _d1970- _971737 |
|
| 700 | 1 |
_aPine, Chris, _d1980- _973208 |
|
| 700 | 1 |
_aQuinto, Zachary. _974318 |
|
| 700 | 1 |
_aRyder, Winona, _d1971- _960473 |
|
| 700 | 1 |
_aSaldana, Zoë. _96199260 |
|
| 700 | 1 |
_aUrban, Karl, _d1972- _969296 |
|
| 700 | 1 |
_aYelchin, Anton. _967798 |
|
| 700 | 1 |
_aBana, Eric. _967996 |
|
| 700 | 1 |
_aNimoy, Leonard. _96199261 |
|
| 710 | 2 |
_aParamount Pictures Corporation. _97712 |
|
| 710 | 2 |
_aSpyglass Entertainment (Firm) _958996 |
|
| 710 | 2 |
_aBad Robot (Firm) _969683 |
|
| 710 | 2 |
_aParamount Home Entertainment (Firm) _972161 |
|
| 942 |
_cDVD _2ddc |
||
| 999 |
_c64970 _d64970 |
||